| 000 | 00617nam a2200205 a 4500 | ||
|---|---|---|---|
| 001 | 880 | ||
| 003 | CDMR | ||
| 005 | 20131107140746.0 | ||
| 008 | 130130s1966||||||||||||||||||||||||||||d | ||
| 040 |
_aCDMR _bcat _cCDMR |
||
| 100 | 1 |
_aVillegas Lopez, Manuel _9686 |
|
| 245 | 1 | 3 |
_aEl cine en la sociedad de masas _b: arte y comunicación _cManuel Villegas López |
| 260 |
_aMadrid _c1966 _bAlfaguara |
||
| 300 |
_a180 p ; _c21 cm |
||
| 490 | 0 |
_aHombres, hechos e ideas _v4 |
|
| 650 | 0 | 4 |
_9688 _aCinematografia _xAspectes socials |
| 650 | 0 | 4 |
_93211 _aComunicació i cultura |
| 650 | 0 | 4 |
_94172 _aSocietat de massa |
| 942 |
_cMON _2udc |
||
| 999 |
_c880 _d880 |
||